Normal view
MARC view
- Lt Col Maqbool Sadiq
Entry Personal Name
001 - CONTROL NUMBER
- control field: 51221
003 - CONTROL NUMBER IDENTIFIER
- control field: NUST
005 - DATE AND TIME OF LATEST TRANSACTION
- control field: 20210314134931.0
008 - FIXED-LENGTH DATA ELEMENTS
- fixed length control field: 210314|| aca||aabn | a|a d
040 ## - CATALOGING SOURCE
- Original cataloging agency: NUST
- Transcribing agency: NUST
100 ## - HEADING--PERSONAL NAME
- Personal name: Lt Col Maqbool Sadiq
670 ## - SOURCE DATA FOUND
- Source citation: Work cat.: (NUST): Muhammad Zohaib 51220, Evaluation of Engineering Projects of Green Concrete, 2017.
